000 01063nam a2200313 4500
003 Iso
005 20260601171013.0
008 260421b19771990NYUa||||\||||\00|\0\spa\d
040 _aICI
_bspa
_cICI
041 1 _aspa
_hger
050 _aQA447
_bS3418 1990
100 1 _aSchattschneider, Doris,
_eautor
_933348
245 1 _aM. C. Escher Calidociclos /
_cDoris Schattschneider y Wallace Walker ; traducción José Lebrero Stals
264 _aBerlin :
_bBenedikt Taschen,
_c[1990]
264 _c1990
300 _a40 páginas
336 _2rdacontent
_atexto
337 _2rdamedia
_asin medio
338 _2rdacarrier
_avolumen
600 1 _aEscher, M. C.
_d1898-1972
_q(Maurits Cornelis),
_933349
650 _aModelos geométricos
_933350
650 _aDecoración y ornamentación
_93592
650 _aSimetría
_933351
700 1 _aSchattschneider, Doris,
_933348
700 1 _aLebrero Stals, José,
_etraductor
_933352
700 1 _aEscher, M. C.
_d1898-1972
_q(Maurits Cornelis),
_933349
700 1 _aWalker, Wallace,
_eautor
_933353
942 _2lcc
_n0
_cB
999 _c20560
_d20560